[Event "HUN-chT2 Breyer 1415"]
[Site "Hungary"]
[Date "2014.11.16"]
[Round "?"]
[White "Kubacsny, Laszlo"]
[Black "Kovacs, David"]
[Result "1-0"]
[WhiteElo "2256"]
[BlackElo "2235"]
[PlyCount "71"]
[EventDate "2014.09.07"]
[EventType "team-tourn"]
[EventRounds "11"]
[EventCountry "HUN"]
[SourceTitle "EXT 2016"]
[Source "ChessBase"]
[SourceDate "2015.10.08"]
[SourceVersion "1"]
[SourceVersionDate "2015.10.08"]
[SourceQuality "1"]
[WhiteTeam "Torokbalint"]
[BlackTeam "Geniusz Tata"]
[WhiteTeamCountry "HUN"]
[BlackTeamCountry "HUN"]

1. e4 e5 2. Nf3 Nc6 3. Bb5 a6 4. Ba4 Nf6 5. 0-0 Be7 6. Re1 b5 7. Bb3 0-0 8. a4 Bb7 9. Nc3 b4 10. Nd5 d6 11. a5 Nb8 12. d4 Nbd7 13. c3 bxc3 14. bxc3 c5 15. Nxf6+ Bxf6 16. d5 Be7 17. Bc2 Rc8 18. c4 Rb8 19. Bd2 g6 20. Bh6 Re8 21. Qd2 Bf8 22. Ba4 Ba8 23. Rab1 Qc7 24. Bxf8 Rxf8 25. Bxd7 Qxd7 26. h3 Qc7 27. Qc3 Kg7 28. h4 h6 29. Nd2 Rxb1 30. Rxb1 Rb8 31. Rxb8 Qxb8 32. f4 f6 33. fxe5 fxe5 34. Kh2 Qd8 35. Nf3 Bb7 36. Qb2 1-0

[Event "Budapest Spring op 29th"]
[Site "Budapest"]
[Date "2013.03.23"]
[Round "6"]
[White "Kubacsny, Laszlo"]
[Black "Juracsik, Jozsef"]
[Result "1/2-1/2"]
[WhiteElo "2256"]
[BlackElo "2136"]
[PlyCount "118"]
[EventDate "2013.03.18"]
[EventType "swiss"]
[EventRounds "9"]
[EventCountry "HUN"]
[SourceTitle "CBM 153 Extra"]
[Source "ChessBase"]
[SourceDate "2013.04.22"]
[SourceVersion "1"]
[SourceVersionDate "2013.04.22"]
[SourceQuality "1"]

1. e4 c5 2. Nf3 d6 3. d4 cxd4 4. Nxd4 Nf6 5. Nc3 a6 6. Be3 e5 7. Nb3 Be6 8. Qd2 Nbd7 9. f3 Rc8 10. g4 b5 11. g5 Nh5 12. 0-0-0 Qc7 13. Nd5 Bxd5 14. exd5 Be7 15. Bh3 0-0 16. Na5 f5 17. gxf6 Bxf6 18. Nc6 Nf4 19. Bxf4 exf4 20. Rhe1 Ra8 21. Bxd7 Qxd7 22. Re6 a5 23. Rde1 b4 24. R1e4 Qf7 25. Rxd6 Qh5 26. Qe2 a4 27. Nxb4 a3 28. b3 Qg6 29. Rde6 Qg1+ 30. Qe1 Qxh2 31. Re8 h5 32. Rxa8 Rxa8 33. Nd3 Rc8 34. Re8+ Rxe8 35. Qxe8+ Kh7 36. Qe4+ Kh6 37. Nxf4 Qg1+ 38. Kd2 h4 39. Ne2 Qg5+ 40. Qe3 h3 41. Ng3 Be5 42. Qxg5+ Kxg5 43. Nh1 Kf4 44. Ke2 Bd6 45. c3 Ke5 46. Ke3 g5 47. b4 Kxd5 48. Kd3 Ke5 49. Nf2 h2 50. Ke3 Kd5 51. Kd3 Bg3 52. Nh1 Be1 53. b5 Kc5 54. c4 Ba5 55. Nf2 Kb4 56. Nh1 Bb6 57. Ng3 Ka5 58. Kc3 Bc5 59. Kb3 Kb6 1/2-1/2

[Event "Budapest Spring op 29th"]
[Site "Budapest"]
[Date "2013.03.18"]
[Round "1"]
[White "Wiman, Kenneth"]
[Black "Kubacsny, Laszlo"]
[Result "0-1"]
[WhiteElo "1918"]
[BlackElo "2256"]
[PlyCount "108"]
[EventDate "2013.03.18"]
[EventType "swiss"]
[EventRounds "9"]
[EventCountry "HUN"]
[SourceTitle "CBM 153 Extra"]
[Source "ChessBase"]
[SourceDate "2013.04.22"]
[SourceVersion "1"]
[SourceVersionDate "2013.04.22"]
[SourceQuality "1"]

1. d4 Nf6 2. c4 c5 3. Nf3 g6 4. Nc3 Bg7 5. e4 0-0 6. Be2 d6 7. 0-0 a6 8. dxc5 dxc5 9. Qxd8 Rxd8 10. Be3 Nbd7 11. Rfd1 Re8 12. h3 h6 13. Rac1 g5 14. Nd2 b6 15. b3 Bb7 16. f3 e6 17. Nf1 Bc6 18. Bf2 Rac8 19. Ne3 Nh5 20. Bf1 Ne5 21. Ng4 Ng6 22. Ne3 Nf6 23. Ne2 h5 24. g4 h4 25. Be1 Nd7 26. Bc3 Nde5 27. Kf2 b5 28. Ng1 b4 29. Bxe5 Bxe5 30. Ne2 a5 31. Nc2 a4 32. Rb1 Ra8 33. Nc1 Nf4 34. Nd3 Nxd3+ 35. Bxd3 axb3 36. axb3 Ra2 37. Kf1 Kg7 38. Rbc1 Rea8 39. Rb1 Kf6 40. Ke2 Bc3 41. Ke3 Ke5 42. Rf1 Rd8 43. Rfc1 Bb2 44. Rd1 Bd4+ 45. Ke2 Kf4 46. Rd2 Bc3 47. Rdd1 f5 48. Rf1 Rxc2+ 49. Bxc2 Rd2+ 50. Ke1 Rxc2+ 51. Kd1 Rh2 52. exf5 exf5 53. gxf5 Bxf3+ 54. Kc1 Bd2+ 0-1

[Event "HUN-chT2 Breyer 1112"]
[Site "Hungary"]
[Date "2012.05.20"]
[Round "11.1"]
[White "Gyurkovics, Bence"]
[Black "Kubacsny, Laszlo"]
[Result "1/2-1/2"]
[WhiteElo "2188"]
[BlackElo "2320"]
[PlyCount "94"]
[EventDate "2011.09.25"]
[EventType "team-tourn"]
[EventRounds "11"]
[EventCountry "HUN"]
[SourceTitle "EXT 2013"]
[Source "ChessBase"]
[SourceDate "2012.11.22"]
[SourceVersion "1"]
[SourceVersionDate "2012.11.22"]
[SourceQuality "1"]
[WhiteTeam "Gyor Komszomol"]
[BlackTeam "Torokbalint"]
[WhiteTeamCountry "HUN"]
[BlackTeamCountry "HUN"]

1. d4 Nf6 2. Nf3 g6 3. g3 Bg7 4. Bg2 0-0 5. 0-0 a6 6. c4 d6 7. Nc3 c6 8. a4 a5 9. e4 Na6 10. h3 Nb4 11. Be3 Be6 12. Qe2 Qc8 13. Kh2 c5 14. dxc5 dxc5 15. Nd5 Bxd5 16. exd5 Re8 17. Rad1 Ra6 18. Ne1 e6 19. Nc2 exd5 20. cxd5 Rd6 21. Nxb4 axb4 22. Qb5 Nd7 23. Rd2 Rb6 24. Qc4 Bf8 25. Bf4 Bd6 26. Rc1 Qc7 27. Bxd6 Qxd6 28. a5 Ra6 29. Qb5 Ra7 30. b3 Kg7 31. Ra2 Rc8 32. Rac2 Rca8 33. Ra2 Ra6 34. Rca1 R8a7 35. Qe2 Qe5 36. Qb5 Qe7 37. d6 Rxd6 38. Bxb7 Qd8 39. a6 Qc7 40. Ra5 Rd2 41. R5a2 Rd6 42. Qe2 Re6 43. Qd2 Ne5 44. Qd5 Rf6 45. f4 Nd7 46. Rd2 Nb8 47. Rc1 Nxa6 1/2-1/2

[Event "HUN-chT2 Breyer 1112"]
[Site "Hungary"]
[Date "2012.03.25"]
[Round "8.1"]
[White "Kubacsny, Laszlo"]
[Black "Borocz, Istvan"]
[Result "1/2-1/2"]
[WhiteElo "2320"]
[BlackElo "2386"]
[PlyCount "120"]
[EventDate "2011.09.25"]
[EventType "team-tourn"]
[EventRounds "11"]
[EventCountry "HUN"]
[SourceTitle "EXT 2013"]
[Source "ChessBase"]
[SourceDate "2012.11.22"]
[SourceVersion "1"]
[SourceVersionDate "2012.11.22"]
[SourceQuality "1"]
[WhiteTeam "Torokbalint"]
[BlackTeam "Husi"]
[WhiteTeamCountry "HUN"]
[BlackTeamCountry "HUN"]

1. e4 e5 2. Nf3 Nc6 3. Bb5 a6 4. Ba4 Nf6 5. 0-0 Be7 6. Re1 b5 7. Bb3 0-0 8. d3 d6 9. c3 Na5 10. Bc2 c5 11. Nbd2 Re8 12. Nf1 Bf8 13. h3 h6 14. Ng3 Bd7 15. Nh2 d5 16. Ng4 d4 17. Nxf6+ Qxf6 18. Rf1 Qg6 19. Kh2 Bd6 20. cxd4 exd4 21. f4 f5 22. Bd2 Bc7 23. e5 Rac8 24. a3 Bb6 25. b4 Nb7 26. bxc5 Nxc5 27. Ne2 Bc6 28. Rg1 Red8 29. Bb4 Ne4 30. Bb3+ Kh8 31. dxe4 fxe4 32. Ng3 d3 33. f5 Qg5 34. Be6 Bd4 35. Qg4 Qxg4 36. hxg4 Bxe5 37. Bd2 Bd7 38. Rac1 Bxe6 39. fxe6 Rc4 40. Kh3 Bxg3 41. Kxg3 Re8 42. Rxc4 bxc4 43. Kf4 Rxe6 44. Rc1 Rf6+ 45. Kxe4 Rf2 46. Be3 Rxg2 47. g5 d2 48. Rd1 c3 49. Kd3 Rg3 50. Rh1 Kh7 51. Ke2 Kg6 52. gxh6 gxh6 53. Bc5 Kf5 54. Kd1 Ke4 55. Kc2 Rd3 56. Bb4 Kd4 57. Rh4+ Kd5 58. Rh5+ Ke4 59. Rh4+ Kd5 60. Rh5+ Ke4 1/2-1/2

[Event "HUN-chT2 Breyer 0910"]
[Site "Hungary"]
[Date "2010.04.18"]
[Round "10"]
[White "Toth, Tamas"]
[Black "Kubacsny, Laszlo"]
[Result "0-1"]
[WhiteElo "2009"]
[BlackElo "2334"]
[PlyCount "62"]
[EventDate "2009.11.08"]
[EventType "team-tourn"]
[EventRounds "11"]
[EventCountry "HUN"]
[SourceTitle "EXT 2011"]
[Source "ChessBase"]
[SourceDate "2010.11.26"]
[SourceVersion "1"]
[SourceVersionDate "2010.11.26"]
[SourceQuality "1"]
[WhiteTeam "Turul"]
[BlackTeam "Torokbalint"]
[WhiteTeamCountry "HUN"]
[BlackTeamCountry "HUN"]

1. d4 Nf6 2. Nf3 g6 3. Nc3 d5 4. Bf4 Bg7 5. Qd2 Ne4 6. Nxe4 dxe4 7. Ne5 f6 8. Bh6 Bxh6 9. Qxh6 fxe5 10. Qg7 Rf8 11. Qxh7 Qd5 12. Qxg6+ Qf7 13. Qxf7+ Rxf7 14. dxe5 Nc6 15. g3 Bf5 16. c3 0-0-0 17. f4 exf3 18. exf3 Nxe5 19. Be2 Bh3 20. f4 Ng4 21. Bxg4+ Bxg4 22. h3 Bf3 23. 0-0 Rd3 24. Rf2 Bc6 25. Kh2 e5 26. f5 e4 27. Re1 e3 28. Rfe2 Rxf5 29. Rxe3 Rf2+ 30. Kg1 Rdd2 31. Rb1 Rh2 0-1

[Event "HUN-chT2 Breyer 0910"]
[Site "Hungary"]
[Date "2009.12.06"]
[Round "3"]
[White "Kubacsny, Laszlo"]
[Black "Meszaros, Gyula"]
[Result "1/2-1/2"]
[WhiteElo "2334"]
[BlackElo "2416"]
[PlyCount "129"]
[EventDate "2009.11.08"]
[EventType "team-tourn"]
[EventRounds "11"]
[EventCountry "HUN"]
[SourceTitle "EXT 2011"]
[Source "ChessBase"]
[SourceDate "2010.11.26"]
[SourceVersion "1"]
[SourceVersionDate "2010.11.26"]
[SourceQuality "1"]
[WhiteTeam "Torokbalint"]
[BlackTeam "Kisber Aszar"]
[WhiteTeamCountry "HUN"]
[BlackTeamCountry "HUN"]

1. e4 e6 2. d4 d5 3. Nc3 Bb4 4. e5 c5 5. a3 Bxc3+ 6. bxc3 Qa5 7. Bd2 Qa4 8. Qb1 c4 9. h4 Nc6 10. h5 h6 11. g4 Bd7 12. f4 0-0-0 13. Nf3 f6 14. Be2 Rf8 15. Qb2 Nge7 16. 0-0-0 Kb8 17. Rdf1 Qa5 18. Kb1 Nc8 19. Ka2 Nb6 20. Rb1 Rf7 21. Be1 Be8 22. Rh3 Na4 23. Qc1 Nxc3+ 24. Bxc3 Qxc3 25. Ng5 Qxd4 26. Nxf7 Bxf7 27. c3 Qf2 28. Qe3 Qxe3 29. Rxe3 Kc7 30. Rg1 b5 31. exf6 gxf6 32. g5 hxg5 33. fxg5 fxg5 34. Rxg5 Kd6 35. Bg4 Rh7 36. Rh3 Ke7 37. Bd1 a5 38. h6 b4 39. axb4 axb4 40. cxb4 Nxb4+ 41. Ka3 Nd3 42. Bc2 Kf6 43. Rg1 Bg6 44. Rf1+ Ke5 45. Bxd3 Bxd3 46. Rg1 Kf6 47. Kb4 Bf5 48. Rf1 Ke5 49. Rh5 Kf6 50. Rh2 Rb7+ 51. Kc3 Rb8 52. Kd4 Rc8 53. Kc3 Ke5 54. Re1+ Kd6 55. Kd4 Bh7 56. Ra2 Bf5 57. Ra6+ Kc7 58. Rg1 Kb7 59. Ra3 Rh8 60. Kc5 Rc8+ 61. Kb5 d4 62. Rg7+ Kb8 63. Ra6 c3 64. Rb6+ Ka8 65. Ra6+ 1/2-1/2

[Event "HUN-chT2 Breyer 0910"]
[Site "Hungary"]
[Date "2009.11.22"]
[Round "2"]
[White "Kubacsny, Laszlo"]
[Black "Juhasz, Mark"]
[Result "1-0"]
[WhiteElo "2334"]
[BlackElo "2211"]
[PlyCount "89"]
[EventDate "2009.11.08"]
[EventType "team-tourn"]
[EventRounds "11"]
[EventCountry "HUN"]
[SourceTitle "EXT 2011"]
[Source "ChessBase"]
[SourceDate "2010.11.26"]
[SourceVersion "1"]
[SourceVersionDate "2010.11.26"]
[SourceQuality "1"]
[WhiteTeam "Torokbalint"]
[BlackTeam "Zsambek"]
[WhiteTeamCountry "HUN"]
[BlackTeamCountry "HUN"]

1. e4 c6 2. d4 d5 3. e5 Bf5 4. c3 e6 5. Be3 Nd7 6. Nd2 Ne7 7. f4 h5 8. Ngf3 Bg4 9. Be2 Nf5 10. Bf2 g6 11. h3 Bxf3 12. Nxf3 h4 13. Qd2 Be7 14. 0-0 Kf8 15. b4 Kg7 16. Rfb1 b6 17. a4 a5 18. Qb2 Ra7 19. b5 c5 20. c4 dxc4 21. Bxc4 cxd4 22. Nxd4 Nxd4 23. Bxd4 Bc5 24. Rd1 Qe7 25. Be2 Rd8 26. Bf3 Nb8 27. Bxc5 Qxc5+ 28. Qf2 Qxf2+ 29. Kxf2 Rad7 30. Rxd7 Rxd7 31. Rc1 Rd8 32. Ke3 g5 33. Rc4 gxf4+ 34. Rxf4 Rh8 35. Rd4 Rc8 36. Rd6 Kf8 37. Rxb6 Nd7 38. Ra6 Nxe5 39. Be2 Ke7 40. Rxa5 f5 41. b6 Kd6 42. Rb5 Nd7 43. a5 Nc5 44. b7 Rb8 45. a6 1-0

[Event "HUN-chT 0809"]
[Site "Hungary"]
[Date "2009.02.08"]
[Round "7"]
[White "Borsos, Bogdan"]
[Black "Kubacsny, Laszlo"]
[Result "1/2-1/2"]
[WhiteElo "2363"]
[BlackElo "2334"]
[PlyCount "76"]
[EventDate "2008.10.26"]
[EventType "team-tourn"]
[EventRounds "11"]
[EventCountry "HUN"]
[SourceTitle "EXT 2010"]
[Source "ChessBase"]
[SourceDate "2010.11.25"]
[SourceVersion "1"]
[SourceVersionDate "2010.11.25"]
[SourceQuality "1"]
[WhiteTeam "Kazincbarcika"]
[BlackTeam "Budapest MTK"]
[WhiteTeamCountry "HUN"]
[BlackTeamCountry "HUN"]

1. e4 c5 2. c3 d6 3. d4 Nf6 4. Bd3 e5 5. Nf3 Nc6 6. 0-0 cxd4 7. cxd4 Bg4 8. d5 Nd4 9. Nbd2 a6 10. h3 Nxf3+ 11. Nxf3 Bh5 12. Be3 Be7 13. Be2 0-0 14. Nd2 Bg6 15. Bf3 Rc8 16. Qb3 Qd7 17. Rac1 Rxc1 18. Rxc1 Rc8 19. Rc4 h6 20. a4 Rxc4 21. Qxc4 Bd8 22. Be2 Qc7 23. f3 Nd7 24. b4 f5 25. a5 Kf8 26. Bd3 fxe4 27. fxe4 Ke7 28. Qxc7 Bxc7 29. Kf2 Nf6 30. Bb1 Bd8 31. g4 Kd7 32. Ke2 Kc8 33. Bd3 Bh7 34. Nc4 Bc7 35. Nd2 Bd8 36. Nc4 Bc7 37. Nd2 Bd8 38. Nc4 Bc7 1/2-1/2

[Event "HUN-chT 0809"]
[Site "Hungary"]
[Date "2008.12.21"]
[Round "4"]
[White "Berczes, David"]
[Black "Kubacsny, Laszlo"]
[Result "1-0"]
[WhiteElo "2514"]
[BlackElo "2312"]
[PlyCount "57"]
[EventDate "2008.10.26"]
[EventType "team-tourn"]
[EventRounds "11"]
[EventCountry "HUN"]
[SourceTitle "EXT 2010"]
[Source "ChessBase"]
[SourceDate "2010.11.25"]
[SourceVersion "1"]
[SourceVersionDate "2010.11.25"]
[SourceQuality "1"]
[WhiteTeam "Aquaprofit"]
[BlackTeam "Budapest MTK"]
[WhiteTeamCountry "HUN"]
[BlackTeamCountry "HUN"]

1. d4 Nf6 2. c4 g6 3. Nc3 Bg7 4. e4 d6 5. Nf3 0-0 6. Be2 e5 7. 0-0 exd4 8. Nxd4 Re8 9. f3 c6 10. Kh1 a6 11. Nc2 b5 12. Bf4 d5 13. c5 Be6 14. Bd6 a5 15. e5 Nfd7 16. f4 f6 17. Nd4 fxe5 18. Nxe6 Rxe6 19. fxe5 Bxe5 20. Bg4 Rxd6 21. cxd6 Nf6 22. Nxd5 Nxd5 23. Be6+ Kh8 24. Bxd5 Ra7 25. Qe2 Qxd6 26. Bb3 Nd7 27. Rad1 Qc5 28. Rf7 a4 29. Be6 1-0

[Event "HUN-chT 0708"]
[Site "Hungary"]
[Date "2008.05.18"]
[Round "11"]
[White "Kubacsny, Laszlo"]
[Black "Marodi, Matyas"]
[Result "1-0"]
[WhiteElo "2346"]
[BlackElo "2175"]
[PlyCount "79"]
[EventDate "2007.10.14"]
[EventType "team"]
[EventRounds "11"]
[EventCountry "HUN"]
[SourceTitle "EXT 2009"]
[Source "ChessBase"]
[SourceDate "2008.11.26"]
[SourceVersion "1"]
[SourceVersionDate "2008.11.26"]
[SourceQuality "1"]
[WhiteTeam "Postas/MTK"]
[BlackTeam "Decs"]
[WhiteTeamCountry "HUN"]
[BlackTeamCountry "HUN"]

1. e4 e6 2. d4 d5 3. Nc3 dxe4 4. Nxe4 Be7 5. Nf3 Nd7 6. Bd3 Ngf6 7. 0-0 0-0 8. Qe2 b6 9. Rd1 Bb7 10. c4 Nxe4 11. Bxe4 Bxe4 12. Qxe4 Nf6 13. Qe2 c6 14. Ne5 Qc7 15. Bf4 Qb7 16. Qf3 Rac8 17. Rac1 Nd7 18. Ng4 Kh8 19. h4 Nf6 20. Ne3 Rcd8 21. h5 Ne8 22. h6 g6 23. d5 cxd5 24. cxd5 Bd6 25. Bxd6 Rxd6 26. Rc3 Qe7 27. Rcd3 exd5 28. Rxd5 Rf6 29. Qg3 Qb4 30. Qe5 Qh4 31. g3 Qh5 32. Qd4 Qxh6 33. Ng4 Qg7 34. Nxf6 Qxf6 35. Rd8 Kg7 36. Qb4 h5 37. Rc8 Qf5 38. Rdd8 Qe6 39. Qd4+ Kg8 40. Qe3 1-0

[Event "HUN-chT 0708"]
[Site "Hungary"]
[Date "2008.03.16"]
[Round "8"]
[White "Boros, Denes"]
[Black "Kubacsny, Laszlo"]
[Result "1/2-1/2"]
[WhiteElo "2460"]
[BlackElo "2346"]
[PlyCount "90"]
[EventDate "2007.10.14"]
[EventType "team"]
[EventRounds "11"]
[EventCountry "HUN"]
[SourceTitle "EXT 2009"]
[Source "ChessBase"]
[SourceDate "2008.11.26"]
[SourceVersion "1"]
[SourceVersionDate "2008.11.26"]
[SourceQuality "1"]
[WhiteTeam "Csuti"]
[BlackTeam "Postas/MTK"]
[WhiteTeamCountry "HUN"]
[BlackTeamCountry "HUN"]

1. e4 c5 2. Nf3 e6 3. d4 cxd4 4. Nxd4 a6 5. Nc3 d6 6. g4 b5 7. Bg2 Bb7 8. 0-0 Nd7 9. Re1 Qc7 10. a4 bxa4 11. Nxa4 Ne7 12. Ra3 Rc8 13. Bd2 Nc6 14. Rc3 Qb8 15. Bg5 h6 16. Be3 Be7 17. Rb3 Na5 18. Rc3 Nc4 19. Bc1 Bf6 20. b3 Nce5 21. Rxc8+ Qxc8 22. Ba3 Nc5 23. Nf3 Nxa4 24. bxa4 0-0 25. Qxd6 Rd8 26. Qc5 Qxc5 27. Bxc5 Rc8 28. Nxe5 Rxc5 29. Nd3 Rxc2 30. e5 Bxg2 31. Kxg2 Be7 32. Rc1 Rd2 33. Rc8+ Kh7 34. Rc3 a5 35. Kf3 Bg5 36. Ke4 Re2+ 37. Kf3 Ra2 38. Rc4 Ra3 39. Ke4 Be7 40. h3 Bb4 41. f4 Rxa4 42. f5 Ra3 43. Rc7 Kg8 44. Rc8+ Kh7 45. Rc7 Kg8 1/2-1/2

[Event "HUN-chT 0708"]
[Site "Hungary"]
[Date "2008.02.17"]
[Round "6"]
[White "Nagy, Daniel"]
[Black "Kubacsny, Laszlo"]
[Result "1/2-1/2"]
[WhiteElo "2265"]
[BlackElo "2346"]
[PlyCount "39"]
[EventDate "2007.10.14"]
[EventType "team"]
[EventRounds "11"]
[EventCountry "HUN"]
[SourceTitle "EXT 2009"]
[Source "ChessBase"]
[SourceDate "2008.11.26"]
[SourceVersion "1"]
[SourceVersionDate "2008.11.26"]
[SourceQuality "1"]
[WhiteTeam "Mako"]
[BlackTeam "Postas/MTK"]
[WhiteTeamCountry "HUN"]
[BlackTeamCountry "HUN"]

1. d4 Nf6 2. Nf3 g6 3. c4 Bg7 4. g3 0-0 5. Bg2 d6 6. Nc3 a6 7. 0-0 Nc6 8. d5 Na5 9. Nd2 c5 10. Rb1 Bd7 11. Qc2 b5 12. cxb5 axb5 13. b4 cxb4 14. Rxb4 Rc8 15. Bb2 Qc7 16. Qb1 Qc5 17. Ba1 Nc4 18. Nxc4 bxc4 19. Rc1 Rc7 20. h3 1/2-1/2

[Event "HUN-chT 0708"]
[Site "Hungary"]
[Date "2007.12.16"]
[Round "5"]
[White "Kubacsny, Laszlo"]
[Black "Ruck, Tamas"]
[Result "1/2-1/2"]
[WhiteElo "2346"]
[BlackElo "2343"]
[PlyCount "133"]
[EventDate "2007.10.14"]
[EventType "team"]
[EventRounds "11"]
[EventCountry "HUN"]
[SourceTitle "EXT 2009"]
[Source "ChessBase"]
[SourceDate "2008.11.26"]
[SourceVersion "1"]
[SourceVersionDate "2008.11.26"]
[SourceQuality "1"]
[WhiteTeam "Postas/MTK"]
[BlackTeam "Haladas"]
[WhiteTeamCountry "HUN"]
[BlackTeamCountry "HUN"]

1. e4 d5 2. exd5 Qxd5 3. Nf3 Nf6 4. Nc3 Qa5 5. d4 c6 6. Bc4 Bf5 7. Bd2 e6 8. Ne4 Qd8 9. Ng3 Bg4 10. c3 Nbd7 11. h3 Bxf3 12. Qxf3 Be7 13. 0-0 0-0 14. Rad1 Qc7 15. Bb3 b5 16. Rfe1 Nb6 17. Bc2 Nbd5 18. Ne4 Rfe8 19. Nxf6+ Bxf6 20. h4 c5 21. dxc5 Qxc5 22. h5 Rad8 23. Qe4 g6 24. g3 Bg7 25. hxg6 hxg6 26. Qh4 Qe7 27. Qxe7 Rxe7 28. Bg5 f6 29. Bc1 Kf7 30. Bb3 Red7 31. Rd3 Bf8 32. Red1 Bc5 33. c4 bxc4 34. Bxc4 Nb6 35. Rxd7+ Rxd7 36. Rxd7+ Nxd7 37. Kf1 Ne5 38. Bb5 Ng4 39. f3 Ne3+ 40. Ke2 Nf5 41. Kd3 Nxg3 42. Kc4 Bf2 43. b4 Nf5 44. Bc6 Ke7 45. a4 Kd6 46. Be4 Ne7 47. Ba3 f5 48. b5+ Kd7 49. Bb7 Nc8 50. Bc6+ Kc7 51. a5 a6 52. Be8 axb5+ 53. Kxb5 g5 54. Bf7 Nd6+ 55. Bxd6+ Kxd6 56. Kc4 Ke7 57. Bh5 Kf6 58. Kd3 Ba7 59. Be8 e5 60. Bd7 g4 61. fxg4 e4+ 62. Ke2 f4 63. Bc6 f3+ 64. Kf1 Ke5 65. g5 Kf5 66. Bxe4+ Kxg5 67. Bxf3 1/2-1/2

[Event "HUN-chT 0607"]
[Site "Hungary"]
[Date "2007.05.06"]
[Round "10"]
[White "Ruck, Tamas"]
[Black "Kubacsny, Laszlo"]
[Result "1/2-1/2"]
[WhiteElo "2334"]
[BlackElo "2387"]
[PlyCount "104"]
[EventDate "2006.11.12"]
[EventType "team"]
[EventRounds "11"]
[EventCountry "HUN"]
[SourceTitle "EXT 2008"]
[Source "ChessBase"]
[SourceDate "2007.11.25"]
[SourceVersion "1"]
[SourceVersionDate "2007.11.25"]
[SourceQuality "1"]
[WhiteTeam "Haladas"]
[BlackTeam "Postas/MTK"]
[WhiteTeamCountry "HUN"]
[BlackTeamCountry "HUN"]

1. e4 c5 2. Nf3 e6 3. d4 cxd4 4. Nxd4 a6 5. Bd3 Nf6 6. 0-0 d6 7. c4 Bd7 8. Nc3 Nc6 9. Nxc6 Bxc6 10. Qe2 Be7 11. b3 0-0 12. Bb2 Nd7 13. Rad1 Qc7 14. Bb1 Rad8 15. f4 Bf6 16. Kh1 Rfe8 17. Qc2 g6 18. Rd2 Bg7 19. Nd5 Bxd5 20. exd5 Bxb2 21. dxe6 Bf6 22. exd7 Rxd7 23. Qd1 b5 24. cxb5 axb5 25. Bd3 Qb6 26. a4 bxa4 27. bxa4 Rde7 28. Bb5 Rd8 29. Qf3 Qe3 30. Qd5 Qe4 31. Qxe4 Rxe4 32. g3 Bc3 33. Rd5 f5 34. Rfd1 Bb4 35. Bd3 Re3 36. Rb5 Ba3 37. a5 Ra8 38. a6 Bc5 39. Ra5 Kg7 40. Bc4 Ra7 41. Rb1 Kf6 42. Rb7 Re7 43. Bd5 h5 44. h4 Re1+ 45. Kg2 Rd1 46. Bb3 Rd2+ 47. Kf1 Rf2+ 48. Ke1 Rb2 49. Rab5 Rxb3 50. Rxb3 Rxa6 51. Ke2 Ra2+ 52. Rb2 Ra1 1/2-1/2

[Event "HUN-chT 0607"]
[Site "Hungary"]
[Date "2007.04.29"]
[Round "9"]
[White "Kubacsny, Laszlo"]
[Black "Emodi, Gyula"]
[Result "1/2-1/2"]
[WhiteElo "2387"]
[BlackElo "2370"]
[PlyCount "135"]
[EventDate "2006.11.12"]
[EventType "team"]
[EventRounds "11"]
[EventCountry "HUN"]
[SourceTitle "EXT 2008"]
[Source "ChessBase"]
[SourceDate "2007.11.25"]
[SourceVersion "1"]
[SourceVersionDate "2007.11.25"]
[SourceQuality "1"]
[WhiteTeam "Postas/MTK"]
[BlackTeam "Mako"]
[WhiteTeamCountry "HUN"]
[BlackTeamCountry "HUN"]

1. e4 e5 2. Nf3 Nc6 3. Bb5 a6 4. Ba4 d6 5. c3 Bd7 6. 0-0 Nge7 7. d4 Ng6 8. d5 Nb8 9. Bc2 Be7 10. c4 h6 11. Nc3 Bg5 12. Ne2 Bg4 13. Nxg5 hxg5 14. f3 Bd7 15. g3 Qf6 16. Qd2 Rh5 17. g4 Rh3 18. Qxg5 Qxg5 19. Bxg5 f6 20. Bd2 a5 21. Ng3 Kf7 22. b3 b6 23. a3 Na6 24. Rf2 Nc5 25. Rb1 Nh4 26. Be3 Nb7 27. Bd3 Ng6 28. Bf1 Rhh8 29. h3 Rh7 30. Nh5 Re8 31. b4 axb4 32. axb4 Ra8 33. c5 bxc5 34. bxc5 Nxc5 35. Bxc5 dxc5 36. Rb7 Ke7 37. Rxc7 Kd6 38. Rb7 Nh4 39. Bg2 Ra3 40. Kh2 Ke7 41. Kg3 Nxg2 42. Kxg2 Ra5 43. Rfb2 Kd8 44. Rb8+ Ke7 45. R8b6 Ra3 46. Rc2 Ra5 47. Rc3 Be8 48. Rb7+ Bd7 49. f4 exf4 50. Nxf4 Kd6 51. Ng6 Rh6 52. Nf8 Bb5 53. Rxg7 Ke5 54. Rh7 Rxh7 55. Nxh7 c4 56. g5 fxg5 57. Nxg5 Kd4 58. Rc1 c3 59. d6 Ra7 60. Kf3 Ba4 61. Kf4 Ra8 62. Ne6+ Kd3 63. Nc5+ Kd2 64. Nxa4 Rxa4 65. Rxc3 Kxc3 66. Kf5 Kd4 67. Ke6 Kxe4 68. d7 1/2-1/2

[Event "HUN-chT 0607"]
[Site "Hungary"]
[Date "2007.03.25"]
[Round "7"]
[White "Kubacsny, Laszlo"]
[Black "Hoang, Thanh Trang"]
[Result "0-1"]
[WhiteElo "2387"]
[BlackElo "2470"]
[PlyCount "126"]
[EventDate "2006.11.12"]
[EventType "team"]
[EventRounds "11"]
[EventCountry "HUN"]
[SourceTitle "EXT 2008"]
[Source "ChessBase"]
[SourceDate "2007.11.25"]
[SourceVersion "1"]
[SourceVersionDate "2007.11.25"]
[SourceQuality "1"]
[WhiteTeam "Postas/MTK"]
[BlackTeam "Honved"]
[WhiteTeamCountry "HUN"]
[BlackTeamCountry "HUN"]

1. e4 b6 2. d4 Bb7 3. Nc3 e6 4. Nf3 Bb4 5. Bd3 Nf6 6. Qe2 d5 7. e5 Ne4 8. Bd2 Nxd2 9. Qxd2 Be7 10. Ne2 c5 11. c3 Nc6 12. 0-0 0-0 13. Rac1 Rc8 14. Rfd1 Qd7 15. h4 cxd4 16. cxd4 Na5 17. Rxc8 Rxc8 18. b3 Nc6 19. Bb1 Ba6 20. Ng3 Qd8 21. h5 Nb8 22. Nf1 Nd7 23. N1h2 h6 24. Ng4 Nf8 25. Bd3 Bxd3 26. Qxd3 Qc7 27. g3 Qc2 28. a4 Bb4 29. Ne3 Qb2 30. Qb1 Qe2 31. Kg2 Rc3 32. Re1 Rxb3 33. Qxb3 Bxe1 34. Qc2 Qxc2 35. Nxc2 Ba5 36. Kf1 Nd7 37. Ke2 Kf8 38. Kd3 Ke7 39. Ng1 f6 40. f4 f5 41. Nf3 Nb8 42. Ne3 Nc6 43. g4 fxg4 44. Nxg4 Kf7 45. Ne3 Ne7 46. Ke2 a6 47. Nh4 Bc3 48. Nc2 b5 49. axb5 axb5 50. Kd3 b4 51. Ne3 Be1 52. Nhg2 Bf2 53. Ng4 Bg3 54. N4e3 g6 55. hxg6+ Kxg6 56. Nf1 Bf2 57. Nd2 Nf5 58. Nb3 h5 59. Ke2 Nxd4+ 60. Nxd4 Bxd4 61. Nh4+ Kf7 62. Nf3 Bc5 63. Ng5+ Ke7 0-1

[Event "HUN-chT 0607"]
[Site "Hungary"]
[Date "2007.03.04"]
[Round "6"]
[White "Kubacsny, Laszlo"]
[Black "Zsinka, Laszlo"]
[Result "0-1"]
[WhiteElo "2387"]
[BlackElo "2334"]
[PlyCount "94"]
[EventDate "2006.11.12"]
[EventType "team"]
[EventRounds "11"]
[EventCountry "HUN"]
[SourceTitle "EXT 2008"]
[Source "ChessBase"]
[SourceDate "2007.11.25"]
[SourceVersion "1"]
[SourceVersionDate "2007.11.25"]
[SourceQuality "1"]
[WhiteTeam "Postas/MTK"]
[BlackTeam "Statisztika"]
[WhiteTeamCountry "HUN"]
[BlackTeamCountry "HUN"]

1. e4 e5 2. Nf3 Nc6 3. Bb5 a6 4. Ba4 g6 5. c3 d6 6. d4 Bd7 7. 0-0 Bg7 8. Re1 Nge7 9. d5 Nb8 10. Bxd7+ Nxd7 11. Be3 h6 12. Nfd2 0-0 13. c4 f5 14. f3 Rf7 15. Nc3 f4 16. Bf2 g5 17. b4 b6 18. Rc1 Bf8 19. Na4 Ng6 20. c5 b5 21. Nb2 h5 22. a4 Nf6 23. Qe2 Rb8 24. axb5 axb5 25. Nb3 g4 26. Na5 Qd7 27. Nd3 Rg7 28. Kh1 g3 29. hxg3 fxg3 30. Bxg3 h4 31. Bh2 Nh5 32. Qe3 Be7 33. Nc6 Rf8 34. cxd6 cxd6 35. Ra1 Ngf4 36. Ra7 Qe8 37. Nxe7+ Rxe7 38. Rea1 Ng3+ 39. Kg1 Rxa7 40. Rxa7 Qg6 41. Bxg3 hxg3 42. Nxf4 exf4 43. Qd4 Qh6 44. Kf1 Qh1+ 45. Qg1 Qh8 46. e5 Qxe5 47. Qh1 Qf5 0-1